000 00700nam a2200217Ia 4500
003 NUST
005 20230207100350.0
008 230207b ||||| |||| 00| 0 eng d
020 _a9780521051842(pb)
082 _a954.904
_bJAL
100 _aAyesha Jalal
_99441
245 _aThe State of martial rule
_bthe origins of Pakistan's political economy of defence
_cAyesha Jalal
260 _aNew York
_bCambridge University press
_c1990
300 _a362p
526 _a0
_b0
_c0
_d954_904500000000000_JAL
650 _aNUST
_96342
650 _aPakistan -- Economic Conditions
_946438
650 _aPakistan -- Politics and Government
_937702
650 _aPakistan Defence
_946439
942 _2ddc
_cBK
999 _c593142
_d593142